00234nam a2200097 a 4500001000500000005001700005008004100022050002100063245003100084440002100115414020140414131940.0090218s19uu xx 00 eng d aTR 611bB48 1993 aMy Big book of human body. aDreamland series